000 00795nam a22002177a 4500
999 _c3028
_d3028
003 AR-CdUCM
008 190305b ||||| |||| 00| 0 spa d
040 _aMUNICIPALIDAD PROVINCIAL DEL CUSCO
_cBIBLIOTECA MUNICIPAL DEL CUSCO
082 _a808.7 /
_bT277
100 _aTello Palomino, Luis Moisés
_910318
245 _aBiografía de la risa :
_cMoisés Tello Palomino /
260 _aCusco :
_b[s.n.],
_c1997.
300 _a500 Páginas ;
_bIlustraciones,
_c21 cm.
505 _aContenido: Una pizca de teoría acerca e la risa -- Buscando los secretos del buen humor -- A reir se ha dicho -- A reir con José María Eca de Queiroz...
650 _aNarrativa
_967
650 _aBiografía
_922
650 _aRisa
_910319
650 _aChistes
_910320
942 _2ddc
_cLIBROS
945 _adavv